01463cam a2200301 a 4500001000500000005001700005020001800022040004200040050002100082082001500103100002800118245003400146250003000180260003500210300002300245520061800268521001700886650002600903650003500929650002900964650002800993650002301021650002201044650002101066655002201087655002701109655002501136243220231207104342.0 a9780099511861 aUKMcUKMdBTCTAdBAKERdQBXdDLCbeng00aPR4034b.M3 200800a823/.72221 aAusten, Janed1775-181710aMansfield Park /cJane Austen aPublished by Vintage 2008 aLondon :bVintage Books,c2008 a488 pages :c20 cm aFanny Price is born to a poor family, but is sent to her mother's rich relations to be brought up with her cousins. There she is treated as an inferior by all except her cousin Edmund, whose kindness towards her earns him her steadfast love. Fanny is quiet and obedient and does not come into her own until her elder cousins leave the estate following a scandalous play put on in their father's absence. Fanny's loyalty and love is tested by the beautiful Crawford siblings. But their essentially weak natures and morals show them for what they really are, and allow Fanny to gain the one thing she truly desires. a1180bLexile 0aYoung womenvFiction. 0aChildren of the richvFiction. 0aSocial classesvFiction. 0aCountry homesvFiction. 0aAdopteesvFiction. 0aCousinsvFiction. 0aUnclesvFiction. 0aDomestic fiction. 7aBildungsromans.2gsafd 7aLove stories.2gsafd